[Event "Hoogovens"]
[Site "Wijk aan Zee"]
[Date "1992.01.??"]
[Round "10"]
[White "Epishin, Vladimir"]
[Black "Kortschnoj, Viktor Lvovich"]
[Result "0-1"]
[WhiteElo "2620"]
[BlackElo "2585"]
[Annotator "Schussler,H"]
[PlyCount "92"]
[EventDate "1992.01.??"]
[EventType "tourn"]
[EventRounds "13"]
[EventCountry "NED"]
[EventCategory "14"]
[SourceTitle "CBM 028"]
[Source "ChessBase"]
[SourceDate "1992.06.01"]
[SourceVersion "1"]
[SourceVersionDate "1992.06.01"]
[SourceQuality "1"]

1. d4 Nf6 2. c4 e6 3. Nf3 b6 4. g3 Ba6 5. b3 Bb7 6. Bg2 Bb4+ 7. Bd2 a5 8. O-O
O-O 9. Nc3 (9. Bc3 d5 10. Ne5 Qc8 11. Bb2 dxc4 12. Nxc4 Bxg2 13. Kxg2 Qb7+ 14.
f3 Rd8 15. Qc2 Nc6 16. a3 Be7 17. e3 b5 $10 {Beliavsky,A-Karpov,An, Linares
1992 CBM 28 game 454.}) (9. Qc2 d6 $5 (9... c5 10. dxc5 (10. Rd1 cxd4 11. Nxd4
Bxg2 12. Kxg2 Qc7 13. Bg5 Qe5 $13 {Brenninkmeijer,J-Huebner,R, Wijk 1989 CBM
28 game 839.}) 10... Bxc5 11. Nc3 Na6 12. Rad1 d5 13. cxd5 exd5 14. Qb1 $10 {
Brenninkeijer,J-Kortschnoj,V, Wijk 1992 CBM 28 game 840.}) (9... Be4 10. Qb2 h6
11. Bf4 Be7 12. Nc3 Bb7 13. d5 $14 {Salov,V-Timman,J, Linares 1992 CBM 28 game
503.}) 10. Nc3 Nbd7 11. Rfe1 Bxc3 12. Bxc3 Be4 13. Qb2 d5 14. Bh3 Bf5 15. Bxf5
exf5 16. Nh4 Ne4 17. f3 Nxc3 18. Qxc3 f4 19. Rac1 Nf6 $6 20. gxf4 $14 {Chernin,
A-Polugajevsky, Tastrup 1992 CBM 28 game 798.}) 9... d5 {9. - Re8 10.Rc1 h6 -
see Kortschnoj,V-Anand,V, Roguwbrune 1992 CBM 28 game 707 9. - h6 10.Qc2 Re8 -
see Polugajevsky,L-Anand,V, Roguebrune 1992 CBM 28 game 762.} (9... Ne4 10.
Nxe4 Bxe4 11. Bxb4 axb4 12. Qd2 Qe7 13. Qf4 d5 14. Rfc1 c5 15. cxd5 exd5 {
15. - Bxd5!} 16. Qe3 Nd7 17. Bh3 $1 $14 {Van Wely,L-Kortschnoj,V, Wijk 1992
CBM 28 game 918.}) 10. Ne5 $5 {Epishin`s new move.} (10. Qc2 Na6 11. Rad1 h6
12. Ne5 Qc8 13. Bh3 Qe8 14. cxd5 exd5 15. Bf4 Rd8 $14 {Karpov,An-Salov,V,
Linares 1992 CBM 28 game 482.}) 10... Nbd7 11. Nd3 Qe7 (11... Be7 12. Rc1 Ne4
13. Be3 Ndf6 $13 {Epishin,V-Huebner,R, Wijk 1992 CBM 28 game 847.}) 12. Na4 $1
(12. Nxb4 axb4 13. Na4 Rfb8 14. Nb2 c5 $10) 12... Bxd2 13. Qxd2 Rad8 14. c5 {
14.Rac1 dxc4!} b5 15. Nab2 $2 {15.Nc3 +/=} Ra8 16. Qf4 $6 (16. f4 Ne4 17. Qe3
Ra6 18. Ne5 $13 {(Epishin)}) 16... Nb8 17. Ne5 Ra6 18. Rfe1 Ne4 19. Ned3 f6 20.
e3 Re8 $15 21. a3 $6 {21.Qh4!} e5 22. Qg4 Re6 $1 23. Qd1 Qf7 24. Rc1 exd4 25.
exd4 Nc6 26. Nf4 R6e7 (26... Nxf2 $5 27. Kxf2 Rxe1 28. Bxd5 Rxd1 29. Rxd1 $15 {
(Epishin)}) 27. Qd3 $6 g5 $1 28. Qxb5 gxf4 29. Qxb7 Nxd4 30. Nd3 c6 31. Qb6 f3
32. Bf1 Rb7 33. Qa6 Reb8 $19 34. Rxe4 dxe4 35. Nf4 Ra7 36. Qc4 Qxc4 37. Bxc4+
Kh8 38. Rd1 Ne2+ 39. Nxe2 fxe2 40. Re1 Rd7 41. Rxe2 Rd4 42. Kg2 a4 43. Re3 axb3
44. Bxb3 Rd3 45. Bc2 $6 Rxe3 46. fxe3 Rb2 0-1

[Event "Hastings 9091"]
[Site "Hastings"]
[Date "1990.12.??"]
[Round "4"]
[White "Olafsson, Helgi"]
[Black "Sax, Gyula"]
[Result "1/2-1/2"]
[WhiteElo "2595"]
[BlackElo "2600"]
[Annotator "Schussler,H"]
[PlyCount "34"]
[EventDate "1990.12.??"]
[EventType "tourn"]
[EventRounds "14"]
[EventCountry "ENG"]
[EventCategory "13"]
[SourceTitle "CBM 022"]
[Source "ChessBase"]
[SourceDate "1991.06.01"]
[SourceVersion "1"]
[SourceVersionDate "1991.06.01"]
[SourceQuality "1"]

1. d4 Nf6 2. c4 e6 3. Nf3 b6 4. g3 Ba6 5. b3 Bb4+ 6. Bd2 Be7 7. Bg2 c6 8. O-O
d5 9. Ne5 Nfd7 10. Nxd7 Nxd7 11. Bc3 O-O 12. Nd2 b5 13. c5 e5 14. b4 e4 15. f3
(15. Nb3 $6 f5 16. Na5 Qc7 17. f4 g5 18. fxg5 $2 Bxg5 19. Bd2 e3 $15 {Wessman,
R-Ivanov,A, Reykjavik 1990}) 15... f5 16. fxe4 fxe4 17. Nb3 Bg5 1/2-1/2

[Event "Interzonal-14c"]
[Site "Zagreb"]
[Date "1987.??.??"]
[Round "3"]
[White "Pinter, Jozsef"]
[Black "Hulak, Krunoslav"]
[Result "1-0"]
[WhiteElo "2575"]
[BlackElo "2495"]
[Annotator "Schussler,H"]
[PlyCount "61"]
[EventDate "1987.08.01"]
[EventType "tourn"]
[EventRounds "17"]
[EventCountry "YUG"]
[EventCategory "12"]
[SourceTitle "CBM 004"]
[Source "ChessBase"]
[SourceDate "1988.06.01"]
[SourceVersion "1"]
[SourceVersionDate "1988.06.01"]
[SourceQuality "1"]

1. d4 Nf6 2. c4 e6 3. Nf3 b6 4. g3 Ba6 5. b3 Bb4+ 6. Bd2 Be7 7. Nc3 O-O 8. e4
d5 9. cxd5 Bxf1 10. Kxf1 exd5 11. e5 Ne4 12. Kg2 $1 f5 13. Rc1 Qd7 (13... Nc6
$6 14. Ne2 $1 Qd7 $2 15. Qc2 $18) 14. Ne2 c5 15. h4 $1 Nc6 16. Be3 Nd8 (16...
Rac8 17. Nf4 $16) 17. Bg5 $5 (17. Ne1 cxd4 $1 18. Nxd4 Nc5 $13) 17... Bxg5 (
17... Ne6 $2 18. Bxe7 Qxe7 19. dxc5 $18) (17... Nxg5 18. hxg5 Ne6 19. Nf4 $1
Nxf4+ (19... Nxg5 $2 20. dxc5 Nxf3 21. c6 $18) 20. gxf4 $16) 18. hxg5 $5 (18.
Nxg5 Nxg5 (18... Ne6 $2 19. Nxe6 Qxe6 20. Nf4 {/\ dc5+-}) 19. hxg5 Ne6 20. f4
$16) 18... Ne6 19. Nf4 Rac8 $1 (19... N6xg5 20. Nxg5 Nxg5 21. dxc5 $18) (19...
Rad8 20. dxc5 $1 bxc5 21. b4 $16) 20. dxc5 $1 Nxf4+ (20... Rxc5) 21. gxf4 Rxc5
(21... bxc5 22. Nh4 $1 {/\ f3} c4 23. bxc4 d4 24. Qd3 Qb7 (24... Nc5 25. Qa3)
25. Nf3 Rfd8 26. Rhd1 $16) 22. Rxc5 (22. Nd4 $142 $1 Rfc8 23. Rxh7 (23. Rxc5
bxc5 24. Ne2 $1 c4 25. Nd4 $14) 23... Kxh7 (23... Rxc1 24. Qh5 Kf8 25. e6 $1
Qc7 26. Rh8+ Ke7 27. Qf7+ Kd6 28. Nb5+ Kc6 29. Rxc8 $18) 24. Qh5+ Kg8 25. Rh1
Rc2 26. Qh8+ (26. Nxc2 Rxc2 27. g6 Rxf2+ 28. Kg1 Rf1+ $19) 26... Kf7 27. g6+
$18) 22... bxc5 (22... Nxc5 23. Nd4 $16) 23. Qd3 Qe6 24. Rc1 Rd8 $2 (24... Rb8
25. Nd2 $1 Rb4 26. Nxe4 fxe4 27. Qh3 $16) (24... h6 $1 25. gxh6 gxh6 26. Rg1
Kh7 $13) 25. b4 $1 $18 {Lukacs,P} cxb4 26. Nd4 Qb6 27. Rc6 Qa5 28. Ne6 Rd7 29.
Rc8+ Kf7 30. Nd4 Rc7 31. Qb5 1-0

[Event "Gjovik m"]
[Site "Gjovik"]
[Date "1991.??.??"]
[Round "2"]
[White "Agdestein, Simen"]
[Black "Karpov, Anatoly"]
[Result "0-1"]
[WhiteElo "2590"]
[BlackElo "2730"]
[Annotator "Schussler,H"]
[PlyCount "98"]
[EventDate "1991.07.??"]
[EventType "match"]
[EventRounds "4"]
[EventCountry "NOR"]
[SourceTitle "CBM 025"]
[Source "ChessBase"]
[SourceDate "1991.12.01"]
[SourceVersion "1"]
[SourceVersionDate "1991.12.01"]
[SourceQuality "1"]

1. d4 Nf6 2. c4 e6 3. Nf3 b6 4. g3 Ba6 5. b3 Bb4+ 6. Bd2 Be7 7. Nc3 O-O 8. e4
d5 9. cxd5 Bxf1 10. Kxf1 exd5 11. e5 Ne4 12. Kg2 (12. Qe2 Nxc3 13. Bxc3 Qd7 14.
Kg2 Nc6 $6 15. Rhe1 Nd8 16. Ng1 c5 17. f4 $14 {Karpov,A-Sokolov,A (m10)
Linares 1987.}) (12. Rc1 c5 $1 13. Kg2 Nc6 $10 {Karpov,A-Sokolov,A (m8)
Linares 1987.}) 12... Qd7 13. Qe2 Nxc3 14. Bxc3 c5 $1 {Better than 14. - Nc6,
see Karpov,A-Sokolov,A, (m10) Linares 1987.} 15. Rhe1 Qe6 16. Ng1 Nc6 17. dxc5
(17. Rad1 $2 cxd4 18. Bxd4 Bb4 19. Rf1 Nxd4 20. Rxd4 Bc3 $17) 17... d4 18. Bd2
Bxc5 19. Qe4 Rfe8 20. f4 Rad8 21. Nf3 d3 22. Ng5 $2 (22. Rad1 f5 23. exf6 $1
Qxe4 24. f7+ $10) 22... Qd5 $15 23. Rac1 Nd4 $1 24. b4 Be7 25. Qxd5 Rxd5 26.
Nf3 Nc2 27. Re4 b5 $1 28. Ne1 Bxb4 29. Bxb4 d2 $1 $17 30. Bxd2 Rxd2+ 31. Kh3 f5
32. Nf3 Rf2 33. Rd4 $5 Nxd4 34. Nxd4 g6 35. Nxb5 Rb8 36. a4 h6 {36. - a6!?} 37.
Rc6 Rb6 38. Rc8+ Kg7 39. Rc7+ Kf8 40. Rc8+ Ke7 41. Rc7+ Kd8 $19 42. Rxa7 g5 43.
Ra8+ Ke7 44. Ra7+ Kf8 45. Ra8+ Kg7 46. Ra7+ Kg6 47. g4 fxg4+ 48. Kxg4 Rxf4+ 49.
Kg3 Re4 0-1

[Event "Interzonal-14c"]
[Site "Zagreb"]
[Date "1987.??.??"]
[Round "7"]
[White "Pinter, Jozsef"]
[Black "Kortschnoj, Viktor Lvovich"]
[Result "0-1"]
[WhiteElo "2575"]
[BlackElo "2630"]
[Annotator "Schussler,H"]
[PlyCount "126"]
[EventDate "1987.08.01"]
[EventType "tourn"]
[EventRounds "17"]
[EventCountry "YUG"]
[EventCategory "12"]
[SourceTitle "CBM 004"]
[Source "ChessBase"]
[SourceDate "1988.06.01"]
[SourceVersion "1"]
[SourceVersionDate "1988.06.01"]
[SourceQuality "1"]

1. d4 Nf6 2. c4 e6 3. Nf3 b6 4. g3 Ba6 5. b3 Bb7 6. Bg2 Bb4+ 7. Bd2 a5 8. O-O
O-O 9. Bc3 $1 d5 (9... Ne4 10. Bb2 Be7 11. Nc3 d5 12. Qb1 $1 $14) 10. Ne5 Qc8 (
10... c5 11. e3 $14) 11. Bb2 dxc4 $6 (11... Be7 $14) 12. bxc4 Bxg2 13. Kxg2
Qb7+ 14. f3 Nc6 15. Nxc6 Qxc6 16. Qb3 $1 $16 {/\ e4} Rfd8 17. a3 Be7 18. a4 Qe8
19. e4 Nd7 20. Nc3 Nb8 $1 21. Rad1 Nc6 22. Nb5 Rac8 23. Bc3 $6 (23. f4 $1 {
/\ f5}) 23... Bb4 $1 24. e5 Bxc3 25. Qxc3 Rd7 26. Rfe1 Ne7 (26... Rcd8 $2 27.
d5 $1) 27. Rd3 Nf5 28. d5 c6 29. Nd6 $1 Nxd6 30. dxe6 Qxe6 31. exd6 Qf6 $2 (
31... Qg6 $1 $8 32. Qe5 $14) 32. Qd2 $6 (32. Qxf6 $1 gxf6 33. Re7 $1 Rdd8 (
33... Rcd8 34. Rxd7 Rxd7 35. g4 $1 $18 {/\ Kg3-f4}) 34. d7 Ra8 35. Rde3 $1 $18)
32... Rcd8 $2 (32... h6 $1) 33. Re4 $2 (33. Re7 $1 h6 (33... Rxe7 $2 34. dxe7
Re8 35. Re3 $18) 34. Rxd7 Rxd7 35. h4 $16 {Pinter,J}) 33... h6 $1 34. Red4 Kh7
35. h4 Qe5 36. g4 Kg8 37. h5 Qc5 38. Kh3 Re8 39. f4 Qb4 40. Qg2 Qe1 $1 41. Qf3
$6 c5 42. Rd5 f6 43. Rb3 Re2 44. f5 $2 Rf2 $1 $17 45. Qd1 Qe4 $1 46. Rg3 Re2
47. Kh4 Rh2+ 48. Rh3 Qg2 $1 $19 49. Qd3 Qf2+ 50. Qg3 Qxg3+ 51. Kxg3 Rc2 52. Kh4
Rxc4 53. Rb3 Rb4 54. Rxb4 axb4 55. Rd3 Kf7 56. Kg3 Ke8 57. Kf4 Ra7 58. Ke4 c4
59. Re3 c3 60. Kd5+ Kd8 61. Kc4 Rxa4 62. Kb3 Ra5 63. Kxb4 c2 0-1

[Event "Interzonal-14c"]
[Site "Zagreb"]
[Date "1987.??.??"]
[Round "1"]
[White "Pinter, Jozsef"]
[Black "Miles, Anthony John"]
[Result "1/2-1/2"]
[WhiteElo "2575"]
[BlackElo "2585"]
[Annotator "Schussler,H"]
[PlyCount "120"]
[EventDate "1987.08.01"]
[EventType "tourn"]
[EventRounds "17"]
[EventCountry "YUG"]
[EventCategory "12"]
[SourceTitle "CBM 004"]
[Source "ChessBase"]
[SourceDate "1988.06.01"]
[SourceVersion "1"]
[SourceVersionDate "1988.06.01"]
[SourceQuality "1"]

1. d4 Nf6 2. c4 e6 3. Nf3 b6 4. g3 Ba6 5. b3 Bb4+ 6. Bd2 Be7 7. Nc3 O-O 8. e4
Bb7 9. Bd3 d5 10. cxd5 exd5 11. e5 Ne4 12. O-O c5 13. Qe2 $5 Nxd2 14. Qxd2 Na6
$1 (14... cxd4 15. Nb5 Na6 16. Rfd1 Nb4 17. Bf5 d3 18. Nbd4 $16) 15. Rad1 Nc7
16. Bf5 {/\ Bh3-g2} Qe8 17. Rfe1 Rd8 18. Ne2 Bc8 (18... c4 $5 19. Nf4 b5 20. b4
$1 $13 (20. Qa5 $2 Na6 $1)) 19. Bxc8 Rxc8 20. Nf4 Rd8 21. dxc5 bxc5 (21... Bxc5
$2 22. b4 Be7 23. Nd4 $16) 22. Qa5 $1 $14 Qd7 (22... Qc6 23. Nd4 $1 cxd4 24.
Rc1 Qa6 25. Qxc7 Ba3 26. e6 $1) 23. Re2 $5 (23. Qxa7 $2 Ra8 24. Qb7 Rfb8 25.
Rxd5 Qxd5 $1 26. Nxd5 Rxb7 27. Nxe7+ Kf8 $17) (23. Kg2 $5) (23. h4 $5) 23...
Qc6 24. Rc2 Ne6 25. Qd2 Nxf4 26. Qxf4 Qe6 27. Ne1 $1 Rc8 28. Ng2 Rfd8 29. Ne3
f6 30. Qf5 Qxf5 31. Nxf5 Kf8 32. Ne3 d4 33. Nc4 Rd5 34. f4 $6 (34. exf6 $1 Bxf6
35. Rd3 {/\ Kg2, Re2, f4, Kf3+/=}) 34... g5 $1 35. Rf2 Kg7 36. Rdf1 Rf8 $6 (
36... gxf4 $142 37. gxf4 fxe5 38. fxe5 Rf8) 37. fxg5 fxe5 38. Rxf8 Bxf8 39. Re1
d3 40. Kf2 Kg6 41. Rxe5 $1 $16 Rd8 42. Ke3 Bg7 43. Re6+ $2 (43. Re7 $1 Bc3 44.
Re6+ $1 Kxg5 45. Rd6 Rxd6 46. Nxd6 Kg4 (46... d2 $2 47. Ne4+) 47. Kxd3 $16)
43... Kxg5 44. Rd6 Rxd6 45. Nxd6 Kg4 46. Ne4 Kh3 47. Kxd3 $6 (47. Nxc5 $2 Bd4+
$19) (47. Ng5+ Kxh2 48. Nxh7 Kxg3 49. Kxd3 Kg4 50. Kc4 Kf5 $1 $10) 47... Kxh2
48. Kc4 h5 49. Kd5 (49. Kxc5 Be5 $1) 49... Kg2 50. a4 Kf3 51. a5 Ba1 (51... a6
$10 {Pinter,J}) 52. a6 Bd4 53. Nd6 Kxg3 54. b4 cxb4 55. Kxd4 b3 56. Kc3 Kf4 57.
Nb5 h4 58. Nxa7 h3 59. Nc6 h2 60. a7 h1=Q 1/2-1/2

[Event "Munich"]
[Site "Munich"]
[Date "1990.??.??"]
[Round "?"]
[White "Beliavsky, Alexander G"]
[Black "Ribli, Zoltan"]
[Result "1/2-1/2"]
[WhiteElo "2640"]
[BlackElo "2605"]
[Annotator "Schussler,H"]
[PlyCount "40"]
[EventDate "1990.04.??"]
[EventType "tourn"]
[EventRounds "11"]
[EventCountry "GER"]
[EventCategory "13"]
[SourceTitle "CBM 018"]
[Source "ChessBase"]
[SourceDate "1990.10.01"]
[SourceVersion "1"]
[SourceVersionDate "1990.10.01"]
[SourceQuality "1"]

1. d4 Nf6 2. c4 e6 3. Nf3 b6 4. g3 Ba6 5. b3 Bb4+ 6. Bd2 Be7 7. Bg2 c6 8. Bc3
d5 9. Nbd2 Nbd7 10. O-O O-O 11. Re1 c5 12. e4 dxe4 13. Nxe4 Bb7 14. Nxf6+ {
The third try in this position.} (14. Nfg5 {was played in Kasparov-Karpov game
18 W-ch 1984/85 and in Ivanchuk-Ljubojevic Tilburg 1989.}) (14. Ned2 {was
Kasparov`s new move in his game versus Ivanchuk in Tilburg 1989. The verdict:
Black is ok}) 14... Bxf6 15. Rc1 cxd4 16. Nxd4 Bxg2 17. Kxg2 a6 18. Qf3 Rc8 19.
Red1 Qc7 20. Ne2 Rfd8 1/2-1/2

[Event "Interzonal-14a"]
[Site "Subotica"]
[Date "1987.??.??"]
[Round "3"]
[White "Chernin, Alexander"]
[Black "Sax, Gyula"]
[Result "1/2-1/2"]
[WhiteElo "2570"]
[BlackElo "2565"]
[Annotator "Schussler,H"]
[PlyCount "123"]
[EventDate "1987.06.??"]
[EventType "tourn"]
[EventRounds "17"]
[EventCountry "YUG"]
[EventCategory "11"]
[SourceTitle "CBM 003"]
[Source "ChessBase"]
[SourceDate "1988.04.01"]
[SourceVersion "1"]
[SourceVersionDate "1988.04.01"]
[SourceQuality "1"]

1. d4 Nf6 2. Nf3 e6 3. c4 b6 4. g3 Ba6 5. b3 d5 6. Bg2 dxc4 (6... c6) 7. Ne5
Bb4+ 8. Kf1 Nfd7 9. Nxc4 c6 10. Qc2 $5 (10. Bb2) 10... O-O 11. Bf3 b5 12. Ne3
$6 (12. Nb2 $1 e5 13. Nd3 Bd6 14. Bb2 Qe7 15. Nd2 $14) 12... Nf6 13. Bb2 Bb7
14. a3 Bd6 15. Nc3 Qb6 16. Ne4 Nxe4 17. Bxe4 h6 18. Kg2 Nd7 19. Rhd1 Nf6 $10
20. Bf3 Rfd8 (20... Nd5 $1) (20... Nd5 $1) 21. Kg1 Nd5 22. Ng2 c5 $6 (22... b4
$1 23. a4 (23. e4 bxa3) 23... c5 24. e4 Nc3 25. Bxc3 bxc3 26. Qxc3 cxd4) 23. e4
Ne7 24. d5 (24. Ne3 cxd4 25. Bxd4 Qc7 26. Qb2 e5 27. Rac1 Qb8 28. Bc5 $14)
24... exd5 25. exd5 Ng6 26. Ne3 Be5 27. Rac1 $2 (27. Bg2 $14) 27... Qf6 $1 28.
Bxe5 Qxf3 29. Ba1 (29. Bb2 Bxd5 30. Nxd5 Rxd5 31. Rxd5 Qxd5 32. Qxc5 Qxb3 33.
Qd4 f6 34. Qe4 Rf8 35. Qxg6 Qxb2 36. Rc7 f5) 29... Bxd5 $6 (29... Rac8 $1 30.
Qc3 $1 (30. Qf5 Qxf5 31. Nxf5 Bxd5 32. Nxg7 Bxb3 $17) 30... f6 31. Qd3 Ne7 32.
Qxb5 Ba8 33. Qd3 Nxd5 34. Nxd5 $10) 30. Nxd5 Rxd5 31. Rxd5 Qxd5 32. Qxc5 Qxb3
$5 33. Qd4 f6 34. Qe4 Rd8 $1 35. Bxf6 $1 (35. Qxg6 $2 Rd1+) 35... Rd1+ 36. Rxd1
Qxd1+ 37. Kg2 Nf8 38. Bd4 $14 (38. Be7 Qd7 $1) 38... a6 39. h3 (39. Qe5 Qg4)
39... Qb3 40. Bc5 $1 Ne6 41. Bb4 Qc4 $5 42. Qxc4 bxc4 43. f4 (43. Kf3 Ng5+ 44.
Kg4 (44. Ke3 Nxh3 45. Bc5 Kf7) 44... Ne4 45. f3 Nf2+) (43. Kf1 Nd4 44. Ke1 (44.
Bc5 Nb3) 44... Kf7 45. Kd2 Ke6 46. Bf8 (46. Ke3 Kd5 47. Bf8 Ne6) (46. Bc3 Kd5
47. Ke3 Nf5+ 48. Kf4 g6) 46... Kf7 $10) 43... h5 $1 {/\ h4} (43... Nd4 $2 44.
Kf2 Kf7 45. g4 {/\ Ke3}) 44. Kf3 Nd4+ 45. Ke4 (45. Ke3 Nf5+ 46. Kf2 g6 $1 47.
g4 hxg4 48. hxg4 Nh6 49. Kf3 Kf7 $10) 45... Ne2 46. Be1 (46. g4 hxg4 47. hxg4
c3 48. Kd3 Nxf4+ $10) 46... h4 $1 47. gxh4 c3 48. Kd3 Nxf4+ 49. Kxc3 Nxh3 50.
Kb4 (50. Bd2 Ng1 51. Kb4 Nf3 52. Bg5 Nxg5 53. hxg5 Kf7 $10) 50... g5 $1 51. Ka5
gxh4 52. Bxh4 (52. Kxa6 Nf4 53. a4 Nd3 $10) 52... Nf4 53. Kxa6 Kf7 $1 (53...
Nd3 $2 54. Kb5 $1 Kf7 55. a4 Ke6 56. a5 Kd7 57. a6 Kc8 58. Bg3 Nb2 59. Be5 (59.
Kc6 Nd3 60. a7 $2 Nb4+ $10) 59... Nd3 60. Bd6 $1 Nb2 61. Kc6 Nc4 62. a7 Na5+
63. Kb6 Nc4+ 64. Ka6 $18) 54. a4 Ke6 55. a5 Kd7 56. Kb7 Ne6 57. Bf2 Nd8+ 58.
Kb6 Kc8 (58... Nc6) 59. Bg3 Kd7 60. a6 Nc6 61. Bh2 Ne7 62. Kb7 (62. Kb7 Nc6 63.
Bc7 Na7 $1 64. Ba5 Nc6 65. Bb6 Kd6 $10) 1/2-1/2

[Event "NED-ch45"]
[Site "Hilversum"]
[Date "1990.06.11"]
[Round "1"]
[White "Douven, Rudy C"]
[Black "Pliester, Leon"]
[Result "1/2-1/2"]
[WhiteElo "2440"]
[BlackElo "2390"]
[Annotator "Schussler,H"]
[PlyCount "121"]
[EventDate "1990.06.11"]
[EventType "tourn"]
[EventRounds "11"]
[EventCountry "NED"]
[EventCategory "9"]
[SourceTitle "CBM 019"]
[Source "ChessBase"]
[SourceDate "1990.12.01"]
[SourceVersion "1"]
[SourceVersionDate "1990.12.01"]
[SourceQuality "1"]

1. d4 Nf6 2. c4 e6 3. Nf3 b6 4. g3 Ba6 5. b3 Bb4+ 6. Bd2 Be7 7. Bg2 c6 8. Bc3
d5 9. Nbd2 O-O 10. O-O Nbd7 11. Re1 b5 {The main alternative is 11. - Bb7 as
in for instance Dlugy - Browne, USA (ch), 1989 (this disk). To play Pb5 early
has not been popular since the crushing game Karpov - Adorjan, Luzern 1989.}
12. c5 Qb8 13. b4 Bc8 14. Qc2 Rd8 15. Rad1 Nf8 16. Ne5 Bd7 17. Nb3 $14 Be8 18.
f4 Qc8 19. Na5 a6 20. a4 h6 21. Ra1 N6h7 22. axb5 axb5 23. Ra3 f6 24. Nf3 Bg6
25. Qa2 Be4 26. Ra1 Rb8 27. Nb3 g5 28. Ra7 Rd7 29. fxg5 hxg5 30. Qa6 Rxa7 31.
Qxa7 Rb7 32. Qa8 Rb8 33. Qa6 Qd7 34. h3 Ng6 35. Qa7 Rb7 36. Qa8+ Nhf8 37. Be1
Bd8 38. Ra6 f5 39. e3 Bxf3 40. Bxf3 Kg7 41. Na5 Bxa5 42. bxa5 Ne7 43. Rb6 Ra7
44. Qb8 Nc8 45. Qe5+ Kg6 46. Qh8 Nh7 47. Rb8 Ne7 48. Bh5+ Kh6 49. Bf7 Ng6 50.
Bxg6 Kxg6 51. Rg8+ Kh6 52. Rd8 Qf7 53. Rd6 Re7 54. Qe5 Nf8 55. Rxc6 Ng6 56. Qd6
f4 57. exf4 Qf5 58. fxg5+ Qxg5 59. Bf2 Qc1+ 60. Kg2 Qc2 61. Rc7 1/2-1/2

[Event "Dortmunder Schachtage-A 18th"]
[Site "Dortmund"]
[Date "1990.04.05"]
[Round "1"]
[White "Browne, Walter Shawn"]
[Black "Brunner, Lucas"]
[Result "1/2-1/2"]
[WhiteElo "2560"]
[BlackElo "2525"]
[Annotator "Schussler,H"]
[PlyCount "47"]
[EventDate "1990.04.05"]
[EventType "tourn"]
[EventRounds "11"]
[EventCountry "GER"]
[EventCategory "13"]
[SourceTitle "CBM 018"]
[Source "ChessBase"]
[SourceDate "1990.10.01"]
[SourceVersion "1"]
[SourceVersionDate "1990.10.01"]
[SourceQuality "1"]

1. d4 Nf6 2. c4 e6 3. Nf3 b6 4. g3 Ba6 5. Nbd2 Bb4 6. Qc2 Bb7 7. Bg2 c5 8. dxc5
Bxc5 9. O-O Be7 10. e4 d6 11. e5 dxe5 12. Nxe5 Bxg2 13. Kxg2 O-O 14. Ndf3 Qc7
15. Bf4 (15. Qe2 Qb7 16. b3 Nbd7 17. Nxd7 Nxd7 18. Bb2 Rfd8 $10 {Vaganjan,
R-Sax,G SkellefteÅ (W-cup) 1989. Browne`s new try, though more logical, also
seems innocuous.}) 15... Qb7 16. Rad1 Nc6 17. Kg1 Nxe5 18. Nxe5 Rac8 19. Qe2
Rfd8 20. Rxd8+ Rxd8 21. Rd1 Rxd1+ 22. Qxd1 h6 23. Qf3 Qxf3 24. Nxf3 1/2-1/2

[Event "Gausdal Int"]
[Site "Gausdal"]
[Date "1991.??.??"]
[Round "6"]
[White "Murugan, Krishnamoorthy"]
[Black "Arkhipov, Sergey"]
[Result "0-1"]
[WhiteElo "2395"]
[BlackElo "2510"]
[Annotator "Schussler,H"]
[PlyCount "84"]
[EventDate "1991.08.??"]
[EventType "swiss"]
[EventRounds "9"]
[EventCountry "NOR"]
[SourceTitle "CBM 025"]
[Source "ChessBase"]
[SourceDate "1991.12.01"]
[SourceVersion "1"]
[SourceVersionDate "1991.12.01"]
[SourceQuality "1"]

1. d4 Nf6 2. c4 e6 3. Nf3 b6 4. g3 Ba6 5. b3 Bb4+ 6. Bd2 Be7 7. Bg2 (7. Nc3 d5
{The other main-line is 7. - 0-0 8.e4 d5 - see Agdestein,S-Karpov,A (CBM 25/
game 593).} 8. cxd5 Nxd5 (8... exd5 9. Bg2 O-O 10. O-O c6 11. Qc2 Nbd7 $14 {
White has a typical very small edge. Zueger,B-Pichler,J (CBM 25/game 591).}) 9.
Nxd5 exd5 10. Bg2 O-O 11. O-O Nd7 12. Rc1 Re8 13. Re1 Bb7 14. Be3 a5 15. Qc2
Ba3 16. Rb1 Bd6 $10 {Black is OK although perhaps some people find White` s
position slightly more comfortable to play. The exchange of Ns at move 8 and 9
favours Black. It` s enough to have one N, to occupy e4. Pinter,J-Alterman,B 
(CBM 25/game 88)}) 7... c6 8. Bc3 (8. Ne5 d5 9. a4 $5 Nfd7 10. Nd3 $5 {After
the more careful 10.Nxd7 Black can later on free himself with c6-c5.} dxc4 11.
Nb4 cxb3 12. Nxa6 Nxa6 13. Qxb3 Rc8 14. O-O O-O 15. Nc3 Nf6 $15 {Itkis,
B-Budnikov,A URS-ch 1991 (CBM 25/game 789).}) 8... d5 9. Ne5 Nfd7 (9... Ne4 10.
O-O Nxc3 11. Nxc3 O-O 12. cxd5 cxd5 13. Re1 Bb7 14. Qd2 Nd7 15. Nd3 Nf6 16. Qb2
Rc8 17. e3 Ba6 18. Bf1 $10 {Pichler,J-Vyzmanavin,A (CBM 25/game 573).}) 10.
Nxd7 Nxd7 11. Nd2 O-O 12. O-O Rc8 (12... Nf6 13. e4 b5 14. Re1 (14. e5 $5 Nd7
15. c5 $5 b4 {Black has to accept the challenge. Otherwise White has a
space-bind at no cost.} 16. Bxb4 Bxf1 {An idea is 16. - f6 (17.exf6 Bxf6), but
White might replay 17.Bh3 or 17.Re1 fxe5 18.Bh3.} 17. Nxf1 f6 18. exf6 Bxf6 19.
f4 g5 $13 {Probably Black is OK. Neverov,V-Anastasian,A (CBM 25/game 897).})
14... dxe4 15. Qc2 Qc7 16. Bb2 {White has a minimal edge, but a draw was
agreed here in Van der Sterren,P- Chernin,A (CBM25/game 63).}) 13. Re1 f5 14.
e3 Nf6 15. a3 Bd6 16. Bb4 Rf7 17. Bxd6 Qxd6 18. Nf3 Rfc7 19. Ne5 c5 20. cxd5
Nxd5 21. Qd2 Nf6 22. Red1 cxd4 23. Qxd4 Qxd4 24. Rxd4 Rc1+ 25. Rd1 Rxa1 26.
Rxa1 Rc3 27. b4 Bb5 28. a4 Be8 29. b5 Kf8 30. Nc6 Bxc6 31. Bxc6 a5 32. h3 Ke7
33. Rd1 Rc4 34. Rd4 Rxd4 35. exd4 Kd6 36. Kf1 e5 37. dxe5+ Kxe5 38. Ke2 Ne4 39.
f4+ Kd4 40. Bd7 g6 41. Kf3 Nc5 42. Be8 Nxa4 0-1